00257nam a2200109Ia 4500008004100000100001900041245002300060260001700083650002300100942000700123999001700130190216s9999||||xx |||||||||||||| ||und|| aJeffrey Archer 2aA Matter Of Honour bBantam Books aEnglish Literature cBK c13356d13356